| 000 | 00651cam a22002172 4500 | ||
|---|---|---|---|
| 001 | 0000019954 | ||
| 005 | 20151217152205.0 | ||
| 008 | 110325s xx 000 0 eng d | ||
| 020 | _a9280645521 : | ||
| 040 |
_aKABU _cKABU |
||
| 245 | 1 | 0 | _aChildren and AIDS. |
| 250 | _a1st ed. | ||
| 260 |
_aNew York : _bUNICEF, _c2010. |
||
| 300 | _a48 p. | ||
| 650 | 0 |
_aAcquired Immunodefiency Syndrome _vStatistics _xPrevention & control. _@0000179961 |
|
| 650 | 0 |
_aChildren and AIDS patients. _@0000179962 |
|
| 650 | 0 |
_aAIDS (Disease) _xPrevention. _@0000164278 |
|
| 908 | _a110325 | ||
| 950 | _@1 | ||
| 999 |
_c9138 _d9138 |
||